Learning programming using Visual Basic NET / (Record no. 52)

MARC details
000 -LEADER
fixed length control field 00679nam a2200229 a 4500
001 - CONTROL NUMBER
control field 52
005 - DATE AND TIME OF LATEST TRANSACTION
control field 20221127085836.0
008 - FIXED-LENGTH DATA ELEMENTS--GENERAL INFORMATION
fixed length control field 050920s lxxua | 00100|eng d
020 ## - INTERNATIONAL STANDARD BOOK NUMBER
International Standard Book Number 0072451963
035 ## - SYSTEM CONTROL NUMBER
System control number 61
082 04 - DEWEY DECIMAL CLASSIFICATION NUMBER
Classification number 005.2768
Item number B946 2003
100 1# - MAIN ENTRY--PERSONAL NAME
Personal name Burrows, Williams E.
245 10 - TITLE STATEMENT
Title Learning programming using Visual Basic NET /
Statement of responsibility, etc. Williams Burrows, J. Langford.
250 ## - EDITION STATEMENT
Edition statement 1st ed.
260 ## - PUBLICATION, DISTRIBUTION, ETC.
Place of publication, distribution, etc. Boston :
Name of publisher, distributor, etc. McGraw-Hill,
Date of publication, distribution, etc. 2003.
300 ## - PHYSICAL DESCRIPTION
Extent xvi, 592 p. :
Other physical details ill. ;
Dimensions 28 cm.
Accompanying material 2 CD.
500 ## - GENERAL NOTE
General note Includes index.
650 #4 - SUBJECT ADDED ENTRY--TOPICAL TERM
Topical term or geographic name entry element Microsoft Visual BASIC.
650 #4 - SUBJECT ADDED ENTRY--TOPICAL TERM
Topical term or geographic name entry element BASIC(Computer program language).
650 #4 - SUBJECT ADDED ENTRY--TOPICAL TERM
Topical term or geographic name entry element Microsoft.
700 1# - ADDED ENTRY--PERSONAL NAME
Personal name Langford, Joseph D.,
Relator term jt. auth.
Holdings
Withdrawn status Lost status Source of classification or shelving scheme Damaged status Not for loan Home library Current library Date acquired Total Checkouts Full call number Barcode Date last seen Copy number Price effective from Koha item type
          CENTRAL CENTRAL 11/27/2022   005.2768 B946 2003 1000000000982 11/27/2022 C1 11/27/2022 Book
          CENTRAL CENTRAL 11/27/2022   005.2768 B946 2003 1000000000381 11/27/2022 C2 11/27/2022 Book
          CENTRAL CENTRAL 11/27/2022   005.2768 B946 2003 1000000005361 11/27/2022 C3 11/27/2022 CD
          CENTRAL CENTRAL 11/27/2022   005.2768 B946 2003 1000000005360 11/27/2022 C4 11/27/2022 CD